Cyrillic - Sudden death - Statistics

General Stats
  • This quiz has been taken 108 times
  • The average score is 16 of 20
Answers on the Grid
Answers color-coded by a green-red scale on the quiz's grid according to % correct below.
Ц
Р
З
В
Б
Ю
Ф
П
Ї
И
Г
Щ
Х
Д
Ы
Я
Ч
Й
Ж
Л
F
D
U
Σ
Ę
Ø
Ž
Ñ
 
Answer Stats
Answer % Correct
Д
90%
И
88%
Л
88%
П
87%
Б
86%
Щ
86%
Ж
86%
Ц
84%
Я
84%
Й
83%
Ы
82%
Ч
81%
Р
80%
Ф
80%
В
78%
Г
78%
Ю
75%
З
73%
Х
70%
Ї
47%
No matching quizzes found
Score Distribution
Percent of People with Each Score
Percentile by Number Answered
Your Score History
You have not taken this quiz